| 000 | 00465nam a2200133Ia 4500 | ||
|---|---|---|---|
| 008 | 231129s1998||||xx |||||||||||||| ||spa|| | ||
| 040 | _bspa | ||
| 082 | _a307.76 G216a | ||
| 100 | _aGarcía Suárez Carlos Iván | ||
| 245 | 0 | _aEn algún Lugar parcharemos: Normas de Interacción y Valores de los parches de la localidad 11 de Santa Fé de Bogotá | |
| 260 | _c1998 | ||
| 264 | _aBogotá Tercer mundo Editores Observatorio de Cultura Urbana. | ||
| 942 |
_2ddc _cBKS |
||
| 999 |
_c12829 _d12829 |
||